| 000 | 01218cam a22003617a 4500 | ||
|---|---|---|---|
| 003 | CHAP | ||
| 005 | 20220329142435.0 | ||
| 008 | 010213d1994 a r 00010 d | ||
| 010 | _a83496 | ||
| 011 | _a84468 | ||
| 020 | _a9682606632 | ||
| 035 | _a94988 | ||
| 040 | _cCHAP | ||
| 082 |
_a530 _bR48Y 1992 |
||
| 100 | 0 | 0 |
_aResnick, Robert. _996126 |
| 245 | 1 | 4 |
_aFísica _c/por Robert Resnick, David Halliday y Kenneth S. Krane. |
| 260 |
_aMéxico, D. F. : _bCECSA, _cc.1992 |
||
| 300 |
_a2 v. _b: ilus.; gràfs. |
||
| 500 | _aTrad. de: Physics 4 ed. de 1992 | ||
| 590 |
_aBATCH-UPD _b10 _c20130110 _lUCH01 _h0519 |
||
| 590 |
_aBATCH-UPD _b10 _c20130110 _lUCH01 _h2244 |
||
| 590 |
_aBATCH-UPD _b10 _c20130410 _lUCH01 _h0158 |
||
| 590 |
_aBATCH-UPD _b10 _c20130914 _lUCH01 _h1422 |
||
| 590 |
_aCONVERSION _b10 _c20130109 _lUCH01 _h1346 |
||
| 650 | 1 | 4 |
_aFísica. _941975 |
| 700 | 0 |
_aHalliday, David. _952366 |
|
| 700 | 0 |
_aKrane, Kenneth S. _963860 |
|
| 901 | _aBK | ||
| 905 | _aPatricia Mendoza P. | ||
| 942 | _cLIBRO | ||
| 949 |
_a530 R48Y 1992 _bBC _cLIBRO _d33724000814497 _eLIBRO _fv.2 _g210206 _h99467 _i94988 _so _t$198.00 |
||
| 949 |
_a530 R48Y 1992 _bBC _cLIBRO _d33724000814554 _eLIBRO _fv.1 _g210206 _h99466 _i94988 _si _t$198.00 |
||
| 999 |
_c83496 _d83496 |
||